| 000 | 00620nam a2200253 a 4500 | ||
|---|---|---|---|
| 003 | AR-BaBNM | ||
| 005 | 20251128205311.0 | ||
| 008 | 082120s2002 ||||||||||||||000 | spa|| | ||
| 020 | _a950-843-198-9 | ||
| 040 | _cAR-BaBNM | ||
| 100 | 1 | _aExtremera, Alberto | |
| 245 | 0 | 0 | _aLos restantes |
| 260 |
_aBuenos Aires _bVinciguerra _c1997 |
||
| 300 | _a54 p. | ||
| 650 | 4 | _aLITERATURA ARGENTINA | |
| 650 | 4 | _aLITERATURA CONTEMPORANEA | |
| 650 | 4 | _aPOESIA | |
| 650 | 4 | _aEXILIO | |
| 653 | _aINFLUENCIA CLASICA | ||
| 655 | _aLITERATURA | ||
| 700 | 1 |
_aAuslender, Ana _eprologuista |
|
| 942 | _cBK | ||
| 998 | _cMARTIN | ||
| 999 |
_c10816 _d10816 |
||